Liberalismo y nacionalismo : (Record no. 20381)

000 -CABECERA
fixed length control field 01033nam a22002417a 4500
003 - IDENTIFICADOR DEL NÚMERO DE CONTROL
control field AR-CdUCM
008 - DATOS DE LONGITUD FIJA--INFORMACIÓN GENERAL
fixed length control field 190529b ||||| |||| 00| 0 spa d
040 ## - FUENTE DE LA CATALOGACIÓN
Agencia/entidad que catalogó originalmente la obra MUNICIPALIDAD PROVINCIAL DEL CUSCO
Entidad que transcribió la catalogación BIBLIOTECA MUNICIPAL DEL CUSCO
082 ## - NÚMERO DE LA CLASIFICACIÓN DECIMAL DEWEY
No. de Clasificación 909 /
Notacion interna G64
100 ## - ENTRADA PRINCIPAL--NOMBRE DE PERSONA
Nombre Personal Stern, Alfred - Luckwaldt, Friedrich y otros
245 ## - MENCIÓN DE TÍTULO
Título Liberalismo y nacionalismo :
Resto del título (1848-1890) /
260 ## - PUBLICACIÓN, DISTRIBUCIÓN, ETC.
Lugar de publicación, distribución, etc. Madrid :
Nombre de la editorial, distribuidor, etc. Espasa - Calpe,
Fecha de publicación, distribución, etc. 1934.
300 ## - DESCRIPCIÓN FÍSICA
Nº de Páginas Extensión 718 páginas ;
Dimensiones 26 cm.
Otros detalles físicos Fotografias.
440 ## - MENCIÓN DE SERIE/PUNTO DE ACCESO ADICIONAL--TÍTULO
Título Historia universal :
Número de la parte/sección de una obra Desarrollo de la humanidad en la sociedad y el estado, en la economía y la vida espiritual /
9 (RLIN) 42625
505 ## - NOTA DE CONTENIDO CON FORMATO
Nota de contenido formateada Contenido: t. 8: La estructura espiritual de la época -- Prehistoria e historia de los años revolucionarios -- El sistema de los estados europeos de 1850-1890...
650 ## - PUNTO DE ACCESO ADICIONAL DE MATERIA--TÉRMINO DE MATERIA
Descriptor Historia
9 (RLIN) 246
650 ## - PUNTO DE ACCESO ADICIONAL DE MATERIA--TÉRMINO DE MATERIA
Descriptor Austria
9 (RLIN) 20500
650 ## - PUNTO DE ACCESO ADICIONAL DE MATERIA--TÉRMINO DE MATERIA
Descriptor Alemania
9 (RLIN) 1327
650 ## - PUNTO DE ACCESO ADICIONAL DE MATERIA--TÉRMINO DE MATERIA
Descriptor Siglo XIX
9 (RLIN) 971
942 ## - ELEMENTOS DE PUNTO DE ACCESO ADICIONAL (KOHA)
Fuente de clasificación
Tipo de item Libros-BMC
945 ## - PROCESAMIENTO DE INFORMACIÓN LOCAL (OCLC)
Catalogador Javier
Holdings
Estado de retiro (separado) Fuente de clasificación o esquema de estanterías Estado dañado Ubicación Sala donde se ubica Nombre de la colección Fecha de adquisición o compra Costo, precio normal en soles Signatura topográfica Código de Barras Última vez visto (Koha) Tipo de ítem (Koha)
No     Sala Humanidades Sala Humanidades Book Cart 2019-05-29 90.00 909 / G64 / t.8 SH0000014700 2019-05-29 Libros-BMC

Powered by Koha